000 00515nam a2200181 a 4500
005 20240828063736.0
008 991125s1970 mx 000 0 spa u
035 _aUPN01000000367
049 _aF
050 4 _aLB3612
_bB4.3
100 1 _aBecerril Valdés, Isidro
_936807
245 1 3 _aLa cooperativa escolar y "Aprender haciendo" /
_cIsidro Becerril V.
260 _aMéxico :
_b[SEP],
_c1970.
300 _a44 p.
500 _aDatos tomados de la cubierta
650 2 _aCooperativa escolar
_910928
905 _aLibro
999 _c367
_d367